Women's experiences of non-traditional employment: is gender equality in this area a possibility? (Record no. 71189)

MARC details
000 -LEADER
fixed length control field 01082cam a2200217 4500
001 - CONTROL NUMBER
control field ABS65970
008 - FIXED-LENGTH DATA ELEMENTS--GENERAL INFORMATION
fixed length control field 020920n2002 000 0 eng u
035 ## - SYSTEM CONTROL NUMBER
System control number (Sirsi) u119768
100 ## - MAIN ENTRY--PERSONAL NAME
Personal name Whittock, M
245 ## - TITLE STATEMENT
Title Women's experiences of non-traditional employment: is gender equality in this area a possibility?
260 ## - PUBLICATION, DISTRIBUTION, ETC.
Date of publication, distribution, etc. 2002
490 ## - SERIES STATEMENT
Series statement Construction Management and Economics
Volume/sequential designation 20(5) July/August 2002, 449-456(8)
520 ## - SUMMARY, ETC.
Summary, etc. The paper examines the relationship that exists between the sexes ( women as 'tokens' and males as 'dominants') in the non-traditional settings examined, indicating that bariers remain that women must surmount for gender equality to be achieved. The paper concludes by briefly examining one initiative working pro-actively to remove these barriers, providing women with greater opportuninties to pursue non-traditional careers. (TAKEN FROM ARTICLE SUMMARY)
590 ## - LOCAL NOTE (RLIN)
Local note ABS
650 ## - SUBJECT ADDED ENTRY--TOPICAL TERM
Topical term or geographic name entry element WOMEN
650 ## - SUBJECT ADDED ENTRY--TOPICAL TERM
Topical term or geographic name entry element CAREERS, EDUCATION AND TRAINING
650 ## - SUBJECT ADDED ENTRY--TOPICAL TERM
Topical term or geographic name entry element GENDER
650 ## - SUBJECT ADDED ENTRY--TOPICAL TERM
Topical term or geographic name entry element EQUAL OPPORTUNITIES
690 ## - LOCAL SUBJECT ADDED ENTRY--TOPICAL TERM (OCLC, RLIN)
Topical term or geographic name as entry element MANAGEMENT
942 ## - ADDED ENTRY ELEMENTS (KOHA)
Suppress in OPAC 0
Holdings
Withdrawn status Lost status Source of classification or shelving scheme Damaged status Not for loan Home library Current library Shelving location Date acquired Total Checkouts Full call number Barcode Date last seen Copy number Price effective from Koha item type
    Dewey Decimal Classification     London London Journal article 20/09/2002   ABS65970 119768-1001 06/08/2019 1 06/08/2019 Journal article